=LDR 00000nam 2200000 4500 =001 INLIS000000000034991 =005 20130612140859 =008 ***********************************Ind** =035 ##$$a0010-061300000034991 =041 ##$$a Ind =082 ##$$a 813 =090 ##$$a 813, Pal s4 =100 ##$$a Palmer, Diana =245 ##$$a Sang penegak hukum, lawless, Diana Palmer =260 ##$$a 2009 $b Jakarta =300 ##$$a 415 hlm, 17 cm =650 ##$$a Fiksi Indonesia =850 ##$$a NBPNMAT =990 ##$$a 0001/BPAP-NTB/20142014